[Event "Winter Chess Classic-A 2019"]
[Site "Saint Louis"]
[Date "2019.11.10"]
[Round "1.1"]
[White "Xiong, Jeffery"]
[Black "Sethuraman, S.P."]
[Result "1-0"]
[WhiteElo "2712"]
[BlackElo "2634"]
[Annotator "TA"]
[PlyCount "55"]
[EventDate "2019.11.10"]
[EventType "tourn"]
[EventCountry "USA"]
[SourceTitle "playchess.com"]
[Source "ChessBase"]
[SourceQuality "1"]

{[%evp 17,55,0,7,-4,15,11,8,9,41,33,34,49,41,40,60,60,200,202,194,195,256,257,272,272,269,259,389,381,373,357,699,683,702,681,900,885,764,751,928,901]} 1. e4 e5 2. Nf3 Nc6 3. d4 exd4 4. Nxd4 Nf6 5. Nxc6 bxc6 6. Bd3 d5 7. exd5 cxd5 8. O-O Be7 9. c4 O-O 10. cxd5 {C45: Scotch Game} Bb7 11. Nc3 $146 (11. Bc4 Bxd5 12. Bxd5 Nxd5 13. Nd2 c6 14. Re1 Rb8 15. Ne4 f5 16. Ng3 f4 17. Ne4 f3 18. gxf3 {½-½ (54) Fedoseev,V (2707)-Jakovenko,D (2748) Satka 2018}) 11... Nxd5 12. Bd2 {The position is equal.} Nxc3 13. Bxc3 Bf6 14. Bxf6 Qxf6 15. Qc2 g6 16. Qxc7 Qxb2 (16... Bd5 $14) 17. Rab1 $18 Qd4 {[#] With the idea ...Bxg2.} 18. Rfd1 $1 ({Weaker is} 18. Rxb7 Qxd3 19. Rxa7 Qd5 $11) 18... Bd5 {[#]} (18... Bc8 {was worth a try.} 19. Bxg6 {[%mdl 64] Discovered Attack} Qg7) 19. Bxg6 $1 {[%mdl 576] Discovered Attack} Qc4 {[#]} (19... fxg6 20. Rxd4) 20. Bxh7+ $1 {[%mdl 512]} Kxh7 21. Qe5 Be6 (21... Qe4 $142 22. Qxd5 Qxd5 23. Rxd5 Rfd8) 22. Rd4 {And now Qh5+ would win.} Qc2 23. Re1 {Qf6 would kill now.} Kg6 $2 (23... Qf5) 24. h3 {White is clearly winning.} Rae8 25. Rh4 Bf5 26. Qg3+ Kf6 27. Qd6+ Be6 28. Re3 {Accuracy: White = 100%, Black = 22%.} 1-0

[Event "Winter Chess Classic-A 2019"]
[Site "Saint Louis"]
[Date "2019.11.10"]
[Round "1.2"]
[White "Sevian, Samuel"]
[Black "Oparin, Grigoriy"]
[Result "1/2-1/2"]
[WhiteElo "2657"]
[BlackElo "2657"]
[Annotator "TA"]
[PlyCount "109"]
[EventDate "2019.11.10"]
[EventType "tourn"]
[EventCountry "USA"]
[SourceTitle "playchess.com"]
[Source "ChessBase"]
[SourceQuality "1"]

{[%evp 27,109,20,20,17,14,21,20,18,20,20,6,10,6,12,30,-19,-20,-14,-21,-27,-36,-28,23,0,0,-20,-17,-39,-41,-45,-17,-56,-56,-73,-64,-84,-79,-65,-65,-65,-65,-66,-65,-74,-69,-65,-70,-81,-64,-97,-99,-104,-104,-100,-104,-143,-143,-143,-143,-143,-8,-8,-8,-8,-8,-8,-8,-8,-8,-8,-8,-8,-8,-8,-8,-8,-8,-8,-8,-8,-8,-8,-8,-8]} 1. e4 e5 2. Nf3 Nc6 3. Bb5 a6 4. Ba4 Nf6 5. O-O Nxe4 6. d4 b5 7. Bb3 d5 8. dxe5 Be6 9. Nbd2 {[%cal Bb1d2,Bd2b3,Bb3d4][%mdl 32]} Be7 10. c3 O-O 11. Bc2 f5 12. Nb3 Qd7 13. Nfd4 Nxd4 14. Nxd4 c5 15. Ne2 {C83: Open Ruy Lopez: 9 c3 Be7} Rad8 16. f3 Ng5 17. Be3 d4 18. cxd4 Bc4 (18... cxd4 19. Nxd4 Bc5 20. Bxg5 Bxd4+ 21. Kh1 Rde8 22. Bb3 Bxb3 23. Qxb3+ {1-0 (46) Svidler,P (2739)-Vitiugov,N (2734) Moscow 2019}) 19. Bb3 Ne6 $1 {[%cal Rc5d4]} 20. Bxc4 bxc4 21. d5 $146 ({Predecessor:} 21. dxc5 Qd3 22. Bf2 Bxc5 {½-½ (30) Weldon,D (2365)-Schwarz,J (2345) ICCF email 2016}) 21... Qxd5 22. Qxd5 Rxd5 23. f4 Rd3 24. Kf2 g5 (24... Rb8 $142) 25. Rfc1 Rb8 {[#] aiming for ...gxf4.} 26. Rab1 Rb4 27. g3 Kf7 28. Rc3 gxf4 29. gxf4 Bh4+ 30. Kf1 a5 31. b3 a4 {And now ...Rxc3 would win.} 32. Rxd3 cxd3 33. Nc3 $1 axb3 34. Rxb3 Nxf4 35. Bxc5 Rxb3 36. axb3 $15 {[%mdl 4096] Endgame KBN-KBN} Ke6 37. b4 Nd5 38. Nd1 Kxe5 39. b5 Bd8 40. Nf2 d2 41. Ke2 Nc3+ 42. Kxd2 Nxb5 43. Ke2 f4 (43... Bh4 $17 {White should prevent ...Bxf2.} 44. Kf3 Kd5) 44. Kf3 $11 {The position is equal.} Kf5 45. Nd3 Bc7 46. Nb4 Be5 47. Nc6 Bf6 48. Be7 Bd4 49. Bd6 Be3 50. Be5 Na3 51. Bxf4 Bxf4 52. Nd4+ $1 Ke5 53. Nc6+ Kd6 54. Kxf4 Kxc6 55. Kg5 {Accuracy: White = 80%, Black = 72%.} 1/2-1/2

[Event "Winter Chess Classic-A 2019"]
[Site "Saint Louis"]
[Date "2019.11.10"]
[Round "1.3"]
[White "Gabuzyan, Hovhannes"]
[Black "Akobian, Varuzhan"]
[Result "1-0"]
[WhiteElo "2616"]
[BlackElo "2627"]
[Annotator "TA"]
[PlyCount "55"]
[EventDate "2019.11.10"]
[EventType "tourn"]
[EventCountry "USA"]
[SourceTitle "playchess.com"]
[Source "ChessBase"]
[SourceQuality "1"]

{[%evp 11,55,-19,-8,-28,-23,-26,-31,-26,0,-12,-6,-13,-13,-33,0,0,0,0,0,0,13,21,15,2,0,0,0,0,0,0,54,18,108,109,344,340,319,321,785,795,29985,29986,29986,29987,29997,29998]} 1. Nf3 Nf6 2. g3 d5 3. Bg2 e6 4. O-O Be7 5. d3 c5 6. Nbd2 Nc6 7. Re1 {A08: King's Indian Attack} (7. e4 O-O 8. Re1 Qc7 9. c3 b6 10. Qe2 Bb7 11. e5 Nd7 12. Nf1 b5 13. Bf4 b4 14. c4 dxc4 15. dxc4 Rfd8 16. h4 Nd4 17. Nxd4 cxd4 18. Bxb7 Qxb7 19. Nd2 Nc5 {½-½ (32) Hillarp Persson,T (2563)-Nisipeanu,L (2667) Malmo 2019}) 7... e5 8. e4 {Black must now prevent exd5.} d4 9. Nc4 {Black is slightly better.} Nd7 10. a4 O-O 11. Bh3 Qc7 12. a5 Nf6 $146 ({Predecessor:} 12... Rb8 13. c3 b5 14. axb6 axb6 15. cxd4 cxd4 16. Bd2 b5 17. Na5 Nxa5 18. Bxa5 {½-½ (38) Kolev,V (1933)-Videnov,I (2072) Sofia 2010}) 13. Bf5 g6 14. Bxc8 Rfxc8 15. c3 b5 16. axb6 $1 axb6 17. Rxa8 Rxa8 18. Qb3 Nd7 19. Bh6 Qa7 20. cxd4 cxd4 ({Black should try} 20... Nxd4 $11 21. Nxd4 exd4) 21. Rc1 Bc5 {[#]} (21... Qb7 $1 $11) 22. Nxb6 $1 $40 {[%mdl 640] White attacks with force.} Rb8 $2 (22... Qxb6 $16 23. Qxb6 Bxb6 24. Rxc6 f6) 23. Ng5 Nd8 {[#]} 24. Qd5 $1 {[%csl LRc5,LRd7]} Bxb6 $2 {[#]} (24... Rxb6 25. Rxc5 {[%mdl 64] Pin} Qb7) 25. Qd6 $1 $18 {[%cal Rd6e7] Hoping for Qe7.} Bc5 {[#]} 26. Rxc5 $1 {[%mdl 576] Deflection. White mates.} Qxc5 27. Qxd7 Qb5 28. Qe7 {Accuracy: White = 67%, Black = 31%.} 1-0

[Event "Winter Chess Classic-A 2019"]
[Site "Saint Louis"]
[Date "2019.11.10"]
[Round "1.4"]
[White "Naroditsky, Daniel"]
[Black "Erdos, Viktor"]
[Result "1/2-1/2"]
[WhiteElo "2613"]
[BlackElo "2613"]
[Annotator "TA"]
[PlyCount "68"]
[EventDate "2019.11.10"]
[EventType "tourn"]
[EventCountry "USA"]
[SourceTitle "playchess.com"]
[Source "ChessBase"]
[SourceQuality "1"]

{[%evp 9,68,0,0,0,0,-3,-1,-13,0,8,9,0,8,12,19,-23,-28,-29,-31,-33,-31,-37,-15,-50,-47,-43,-41,-55,-54,-54,-58,-70,-41,-42,-42,-42,-33,-33,0,-71,-26,-50,-25,-25,-19,-19,-19,-22,-18,-18,-18,-18,-18,-18,0,-18,0,-16,0,-16,0]} 1. d4 d5 2. Bf4 c5 3. e3 cxd4 4. exd4 Nc6 5. c3 Bf5 (5... Nf6 6. Nd2 Bg4 7. Qb3 Qc8 8. Ngf3 e6 9. Bd3 Bh5 10. O-O Bg6 11. Bxg6 hxg6 12. Rae1 Be7 13. g3 O-O 14. Ne5 Nxe5 15. dxe5 Nd7 16. h4 Nc5 17. Qc2 Qc6 18. Re3 Qa6 19. Qb1 Rac8 20. Kg2 b5 {0-1 (50) Duda,J (2738)-Van Foreest,J (2612) Wijk aan Zee 2019}) 6. Nd2 {B13: Caro-Kann: Exchange Variation and Panov-Botvinnik Attack} e6 7. Qb3 Qd7 8. Ngf3 f6 9. h4 h5 10. Be2 Nh6 11. Nf1 $146 ({Predecessor:} 11. Rd1 a6 12. Qb6 Be7 13. Qc7 {0-1 (39) Al Thebaiti,A (1976)-Salgado Lopez,I (2629) St Petersburg 2018}) 11... Ng4 12. Ne3 Nxe3 13. fxe3 Bd6 14. O-O Bxf4 15. exf4 O-O-O 16. Qd1 Qd6 17. Qd2 Ne7 {[%cal Bc6e7,Be7f5,Bf5g3][%mdl 32]} 18. Bd3 Bxd3 19. Qxd3 Nf5 ({Reject} 19... Qxf4 20. Ng5 $14) 20. Rae1 Rhe8 ({But not} 20... Qxf4 $6 21. Rxe6 Ng3 22. Rfe1 $14) 21. Rf2 Re7 22. Qd2 Ng3 23. Qe3 Nf5 24. Qd2 Qd7 25. Qd3 Rde8 26. Kh2 Qd6 27. g3 {The position is equal.} Kb8 28. Kg2 g6 29. Rfe2 Rg8 30. Kh3 Qd7 31. Kg2 Qd6 32. Kh3 Qd7 33. Kg2 Nd6 34. b3 Ne4 {Accuracy: White = 64%, Black = 49%.} 1/2-1/2

[Event "Winter Chess Classic-A 2019"]
[Site "Saint Louis"]
[Date "2019.11.10"]
[Round "1.5"]
[White "Sarana, Alexey"]
[Black "Jumabayev, Rinat"]
[Result "1/2-1/2"]
[WhiteElo "2664"]
[BlackElo "2641"]
[Annotator "TA"]
[PlyCount "75"]
[EventDate "2019.11.10"]
[EventType "tourn"]
[EventCountry "USA"]
[SourceTitle "playchess.com"]
[Source "ChessBase"]
[SourceQuality "1"]

{[%evp 15,75,6,5,19,11,12,11,9,18,17,6,10,9,9,9,34,33,0,0,-27,-24,-54,0,0,0,0,0,0,0,0,0,0,0,0,0,0,0,0,0,0,0,0,0,0,0,0,0,0,0,0,0,0,0,0,0,0,0,0,0,0,0,0]} 1. d4 d5 2. Nf3 ({Predecessor:} 2. c4 c6 3. e3 Nf6 4. Nf3 a6 {0-1 (26) Roghani,A (2366)-Ahmadinia,E (2361) Mashhad 2013}) 2... Nf6 3. c4 c6 4. Nc3 a6 5. e3 b5 6. b3 Bg4 7. h3 Bxf3 8. Qxf3 e5 9. dxe5 {D15: Slav Defence: 4 Nc3 a6 and gambit lines after 4 Nc3 dxc4} Bb4 10. Bd2 Bxc3 $1 11. Bxc3 Ne4 12. Bb4 $1 {[#] Hoping for Qg4.} bxc4 $1 13. Qg4 c5 $132 {[%mdl 2048] Black has counterplay} 14. f3 $1 ({Much worse is} 14. Qxg7 Rf8 $17) 14... Nc6 $146 {[%cal Bb8c6,Bc6b4,Bb4c2][%mdl 32]} (14... cxb4 15. fxe4 O-O 16. exd5 cxb3 17. axb3 Qxd5 {½-½ (46) Vocaturo,D (2588)-Bologan,V (2630) Reykjavik 2015}) 15. fxe4 Nxb4 16. exd5 Qxd5 17. Bxc4 Nc2+ {[%mdl 64] [#] Double Attack} 18. Kf2 $1 Qxe5 (18... Qd2+ $15 19. Qe2 Qxe2+ 20. Kxe2 Nxa1 21. Rxa1 Ke7) 19. Qf3 $11 {[%mdl 64] Double Attack. The position is equal.} O-O 20. Rad1 Rae8 {[%cal Ba8e8,Be8e6,Be6f6][%mdl 32] Black wants to play ...Re6!} 21. Rd2 Na3 22. Rc1 (22. Bxa6 $2 Re6 $19) 22... Re6 {White must now prevent ...Rf6.} 23. Kg1 Rf6 24. Qe2 Nxc4 25. Rxc4 Re8 26. Rdc2 Qxe3+ 27. Qxe3 Rxe3 28. Rxc5 {[%mdl 4096] Endgame Threatening mate with Rc8+. KRR-KRR} g6 29. Rc6 Re1+ 30. Kh2 Rxc6 31. Rxc6 {KR-KR} a5 $1 32. Rb6 a4 33. bxa4 Re2 34. a5 Rxa2 35. a6 Kg7 36. Kg3 h5 37. h4 Ra4 38. Rc6 {Accuracy: White = 72%, Black = 96%.} 1/2-1/2

[Event "Winter Chess Classic-A 2019"]
[Site "Saint Louis"]
[Date "2019.11.11"]
[Round "2.1"]
[White "Sethuraman, S.P."]
[Black "Jumabayev, Rinat"]
[Result "0-1"]
[WhiteElo "2634"]
[BlackElo "2641"]
[Annotator "TA"]
[PlyCount "100"]
[EventDate "2019.11.10"]
[EventType "tourn"]
[EventCountry "USA"]
[SourceTitle "playchess.com"]
[Source "ChessBase"]
[SourceQuality "1"]

{[%evp 11,100,10,12,16,27,22,18,18,17,20,29,8,17,8,17,0,19,7,18,5,6,-26,0,0,0,-81,-90,-132,-143,-173,-192,-185,-190,-175,-187,-187,-187,-172,-138,-125,-125,-152,-152,-147,-145,-157,-157,-170,-100,-162,-161,-160,-88,-156,-162,-212,-128,-271,-264,-249,-225,-233,-247,-231,-153,-196,-121,-122,-124,-161,-173,-176,-174,-259,-245,-366,-370,-427,-425,-652,-625,-683,-693,-691,-672,-822,-805,-773,-752,-702,-679]} 1. e4 e5 2. Nf3 Nc6 3. Bc4 Bc5 4. c3 Nf6 5. d3 d6 6. O-O a6 7. a4 {C54: Giuoco Piano: 4 c3 Nf6, main lines with 5 d4 and 5 d3} Ba7 8. Re1 O-O 9. h3 {The position is equal.} Be6 (9... h6 10. Nbd2 Re8 11. b4 Be6 12. Bxe6 Rxe6 13. Nf1 Qd7 14. Be3 Bxe3 15. Nxe3 d5 {1-0 (53) Vachier Lagrave,M (2774)-Aronian,L (2758) Khanty-Mansiysk 2019}) 10. Bxe6 fxe6 11. b4 Nh5 12. Be3 Nf4 $146 ({Predecessor:} 12... Qf6 13. Kh2 Nf4 14. Bxa7 Rxa7 {0-1 (62) Illingworth,M (2506)-Sangma,R (2325) Abu Dhabi 2017}) 13. b5 Ne7 14. Kh2 Neg6 15. bxa6 bxa6 16. d4 Nh4 17. Nxh4 $1 Qxh4 18. Nd2 (18. Ra2 $1 $11) 18... Nd3 $1 $36 {[%mdl 2048] Black is really pushing.} ({But not} 18... exd4 $6 19. Nf3 $15) 19. Qb3 Nxe1 20. Qxe6+ Kh8 21. Rxe1 exd4 $1 22. cxd4 {[#]} Bxd4 $1 {[%mdl 512]} 23. Nf3 {[#]} (23. Bxd4 Qf4+) 23... Rxf3 $1 {[%mdl 512]} 24. Bxd4 (24. gxf3 Bxe3) 24... Rff8 {And now ...Qf4+ would win.} 25. Qd7 {[%csl Gd4][%cal Rd7g7]} Qf4+ $1 26. Kg1 {[%csl Gd4][%cal Rd7g7]} Qf7 27. Qc6 Rab8 $1 28. Rc1 Rb4 29. Be3 Re8 (29... a5 $1 $19 30. f3 Qa2) 30. a5 (30. Qxa6 $17 {keeps fighting.} Rbxe4 31. a5) 30... Rbxe4 $19 ({Don't do} 30... Rexe4 31. Qxa6 h6 32. Qc8+ Re8 33. Rxc7 $15) 31. Qxc7 Qe6 ({Black should play} 31... Qxc7 32. Rxc7 d5) 32. Qb6 (32. Rd1 $142) 32... d5 $17 33. Qxe6 R8xe6 $19 {[%mdl 4096] Endgame KRR-KRB} 34. Kh2 (34. Rc5 $17) 34... Rc4 35. Rb1 {Rb8+ would kill now.} Kg8 36. Rb8+ Kf7 37. Rd8 Rce4 38. Bb6 R4e5 (38... R6e5 $19 39. g4 Ra4 40. Rd7+ Ke6 41. Rxg7 d4) 39. g4 $17 Re8 {aiming for ...Rxd8.} 40. Rd7+ R8e7 41. Rd6 {[#]} Rb7 $1 42. Rd8 (42. f4 {is a better defense.} Re2+ 43. Kg3) 42... Ke7 $19 43. Rh8 (43. Rg8 {was worth a try.} Kd6 44. Ra8) 43... Re4 44. Rxh7 Kf7 {Black is clearly winning.} 45. Kg3 (45. f3 $142 Rc4 46. Rh5) 45... d4 46. Kf3 {[#]} d3 $1 47. Be3 Rbe7 {Strongly threatening ...Rxe3+!} 48. Bd2 Re2 49. Bc3 Kg8 50. Rh5 Rd7 {Accuracy: White = 41%, Black = 79%.} 0-1

[Event "Winter Chess Classic-A 2019"]
[Site "Saint Louis"]
[Date "2019.11.11"]
[Round "2.2"]
[White "Erdos, Viktor"]
[Black "Sarana, Alexey"]
[Result "1/2-1/2"]
[WhiteElo "2613"]
[BlackElo "2664"]
[Annotator "TA"]
[PlyCount "104"]
[EventDate "2019.11.10"]
[EventType "tourn"]
[EventCountry "USA"]
[SourceTitle "playchess.com"]
[Source "ChessBase"]
[SourceQuality "1"]

{[%evp 13,104,0,0,-14,-13,-13,0,0,-7,-4,-19,-75,-36,-63,-56,-123,-110,-123,-139,-141,-155,-156,-15,-20,-19,-98,-102,-102,-63,-118,-112,-108,-62,-89,-58,-81,-13,-11,-10,-10,-9,-17,-14,-10,-6,-12,-14,-6,-15,-4,0,0,0,0,0,0,0,0,0,0,0,0,0,0,0,0,0,0,0,0,0,0,0,0,0,0,0,0,0,0,0,0,0,0,0,0,0,0,0,0,0,0,0]} 1. Nf3 Nf6 2. c4 e6 3. Nc3 d5 4. d4 dxc4 5. Qa4+ c6 6. Qxc4 b5 7. Qd3 a6 8. Bg5 {D43: Semi-Slav: 5 Bg5 h6} (8. e4 c5 9. dxc5 Bxc5 10. e5 Nfd7 11. Qe4 Qb6 12. Qh4 Nc6 13. Bf4 Nd4 14. Nxd4 Bxd4 15. Qg3 Bb7 {0-1 (61) Moiseenko,A (2628)-Shirov,A (2658) Riga 2019}) 8... Bb7 9. e4 h6 10. Bxf6 Qxf6 11. e5 $146 ({Predecessor:} 11. Be2 Nd7 12. O-O c5 13. d5 c4 14. Qd2 Bb4 15. Rad1 exd5 {0-1 (42) Inkiov,V (2510)-Godard,M (2260) Agneaux 1997}) 11... Qd8 12. Qe4 (12. Qe3 $11 {keeps the balance.}) 12... Qb6 13. O-O-O Nd7 14. Kb1 (14. Qg4 $15) 14... Bb4 $17 15. Rc1 c5 16. Qg4 cxd4 17. Ne4 {[#]} Bxe4+ (17... Be7 $1 $17 {Hoping for ...Bd5.} 18. Bd3 O-O) 18. Qxe4 $11 {[%mdl 64] Double Attack} Rd8 19. Bd3 (19. Nxd4 $11 {remains equal.} Be7 20. Nc6) 19... Nc5 $17 20. Qe2 O-O 21. g4 (21. Rxc5 $15 Qxc5 22. Qe4) 21... Nxd3 22. Qxd3 Be7 23. h4 Rc8 24. Rcd1 $1 Qc7 {[#]} ({Better is} 24... Qc6 $17) 25. Ng5 $1 $11 {[%mdl 512] The position is equal.} Bxg5 26. hxg5 Qxe5 27. gxh6 g5 28. Qxd4 Qxd4 29. Rxd4 {[%mdl 4096] Endgame KRR-KRR} Rfd8 30. Rhd1 Rxd4 31. Rxd4 {KR-KR} Rc7 32. f4 Rc5 33. b4 Rc8 34. fxg5 Kh7 35. Rf4 Kg6 36. Rf6+ Kxg5 37. Rxf7 Kxh6 38. Rf6+ Kg5 39. Rxe6 Ra8 40. Re4 Rf8 41. Rd4 Rf1+ 42. Kc2 Rf2+ 43. Rd2 Rf4 44. a3 Rxg4 45. Rd6 Rg2+ 46. Kc1 Rg1+ 47. Kc2 Rg2+ 48. Kd1 Kf4 49. Rxa6 Ke4 50. Rc6 Ra2 51. Rc3 Kd4 52. Rh3 Kc4 {Accuracy: White = 45%, Black = 74%.} 1/2-1/2

[Event "Winter Chess Classic-A 2019"]
[Site "Saint Louis"]
[Date "2019.11.11"]
[Round "2.3"]
[White "Akobian, Varuzhan"]
[Black "Naroditsky, Daniel"]
[Result "0-1"]
[WhiteElo "2627"]
[BlackElo "2613"]
[Annotator "TA"]
[PlyCount "150"]
[EventDate "2019.11.10"]
[EventType "tourn"]
[EventCountry "USA"]
[SourceTitle "playchess.com"]
[Source "ChessBase"]
[SourceQuality "1"]

{[%evp 13,150,29,31,23,14,0,0,0,0,0,0,0,0,-4,0,-7,-8,-18,-20,-23,-11,-43,0,0,0,0,0,0,0,0,0,-4,-3,-13,0,0,0,0,0,-2,0,0,0,0,0,0,0,0,0,0,0,0,89,113,127,138,99,16,35,0,22,0,7,0,69,68,69,59,58,65,217,41,27,31,41,44,37,15,22,8,8,0,0,0,4,0,0,0,0,0,8,0,0,0,0,-2,-2,-181,-108,-100,-65,-93,-91,-116,-88,-106,-106,-172,-86,-84,-85,-85,-85,-354,-352,-350,-349,-29959,-29961,-29959,-29960,-29960,-29960,-29959,-29959,-29951,-29956,-29969,-29970,-29970,-29971,-29971,-29972,-29970,-29971,-29969,-29967,-5447,-4617]} 1. d4 Nf6 2. c4 g6 3. Nc3 Bg7 4. e4 d6 5. h3 O-O 6. Be3 Na6 7. Nf3 e5 8. dxe5 {E90: King's Indian: Classical: Early deviations and 6 h3} (8. d5 Nc5 9. Nd2 a5 10. a3 Nfd7 11. g4 a4 12. h4 Nb6 13. Be2 Bd7 14. Qc2 c6 15. O-O-O cxd5 16. cxd5 Rc8 17. Kb1 f5 18. f3 fxg4 19. fxg4 {1-0 (56) Sarana,A (2618)-Pridorozhni,A (2567) Khanty-Mansiysk 2018}) 8... dxe5 9. Qxd8 (9. Be2 {is more complex.} Qe7 10. O-O c6 11. Qc2 Nh5 12. Rad1) 9... Rxd8 10. a3 {The position is equal.} c6 11. Be2 Nh5 12. g3 Nc7 {[%cal Ba6c7,Bc7e6,Be6d4][%mdl 32]} 13. Kf1 Ne6 14. Kg2 Nd4 15. Rhd1 $146 ({Predecessor:} 15. Bd1 Be6 {0-1 (46) Riff,V (2275)-Weindl,A (2376) Switzerland 2011}) 15... Be6 16. Ng5 Bd7 17. Rac1 h6 18. Nf3 Be6 19. Bxd4 exd4 20. Na4 {[%cal Bc3a4,Ba4b2,Bb2d3][%mdl 32]} b6 21. b4 {[#]} c5 $1 {[%mdl 512]} 22. bxc5 Bd7 23. Nb2 bxc5 24. Nd3 Bf8 25. Nd2 Ng7 26. f4 Rab8 {[%cal Ba8b8,Bb8b6,Bb6a6][%mdl 32]} 27. Bf3 Rb6 28. g4 Ra6 29. Ra1 Ba4 30. Rdc1 Rb8 31. e5 Be7 32. Bd5 Bd7 (32... Ra5 $11) 33. Ne4 $36 {[%mdl 2048] White is on the roll.} Ra5 34. Rcb1 $1 {[%cal Rb1b8]} Rb6 35. Kf3 ({White should try} 35. Rxb6 $16 axb6 36. Nd6) 35... Kf8 36. Ke2 h5 37. Kf3 Rxb1 38. Rxb1 Rxa3 (38... hxg4+ $11 39. hxg4 Rxa3 40. Rb8+ Ne8) 39. Rb8+ $14 Ne8 40. Ke2 hxg4 41. Ndxc5 Ra2+ $2 (41... Bxc5 $14 42. Nxc5 Bf5) 42. Kd1 $2 ({White has to play} 42. Ke1 $1 $18 Bf5 43. hxg4 Bxg4 44. Nf6 $1 {[%mdl 512]} Bxf6 45. exf6) 42... Bxc5 43. Nxc5 Bf5 44. hxg4 Bxg4+ 45. Ke1 Bf5 46. Ne4 {And now Bc6 would win.} Ke7 47. Rb7+ Kd8 48. Rb8+ Ke7 49. Rb7+ Kd8 50. c5 Rc2 51. Rb8+ Ke7 $1 52. Rb7+ Kd8 53. c6 {Nd6 is the strong threat.} d3 54. Ng5 Bg4 {( -> ...d2+)} 55. Ne4 $2 {[#]} (55. Bf3 $11 {and White is okay.} Bxf3 56. Nxf3) 55... Re2+ ({Better is} 55... Nc7 $1 $19 56. Rb8+ Ke7) 56. Kf1 $17 Bh3+ 57. Kg1 d2 58. Nxd2 {Hoping for Ne4.} Rxd2 59. Bxf7 Nc7 {Threatens to win with ...Rg2+.} 60. Rxa7 {[#]} (60. Rb3 $17 Rd1+ 61. Kh2) 60... Rc2 (60... Bf5 $1 $19 {White must now prevent ...Rd4.} 61. Rb7 Kc8) 61. Ra3 Bf5 {aiming for ...Ne6.} 62. Rg3 Rxc6 {Strongly threatening ...Ke7.} 63. Kf2 $2 {[%mdl 8192]} (63. e6 $17) 63... Ke7 $19 64. Bb3 Ne6 65. Bxe6 $2 {[%mdl 4096] Endgame KRB-KRB} (65. Rf3 $19) 65... Rc2+ 66. Ke3 Kxe6 {KRB-KR} 67. Rg1 Rc3+ 68. Ke2 Kd5 69. Ra1 Rd3 70. Ra6 Ke4 71. e6 Re3+ 72. Kf2 Kxf4 73. Ra4+ Re4 74. e7 Bd7 75. Ra6 Kf5 {Accuracy: White = 53%, Black = 66%.} 0-1

[Event "Winter Chess Classic-A 2019"]
[Site "Saint Louis"]
[Date "2019.11.11"]
[Round "2.4"]
[White "Oparin, Grigoriy"]
[Black "Gabuzyan, Hovhannes"]
[Result "1-0"]
[WhiteElo "2657"]
[BlackElo "2616"]
[Annotator "TA"]
[PlyCount "81"]
[EventDate "2019.11.10"]
[EventType "tourn"]
[EventCountry "USA"]
[SourceTitle "playchess.com"]
[Source "ChessBase"]
[SourceQuality "1"]

{[%evp 10,83,24,34,25,27,20,8,22,22,21,27,22,21,8,4,14,24,28,15,20,5,14,14,14,0,6,0,53,68,225,210,191,163,164,154,177,161,151,184,338,133,135,85,207,204,237,233,219,220,230,217,379,441,454,466,381,72,520,499,520,520,1042,1033,1589,1237,1164,1035,29980,1347,1226,1112,4132,1768,2341,1833]} 1. d4 Nf6 ({Predecessor:} 1... f5 2. g3 Nf6 3. Bg2 g6 4. Nf3 Bg7 5. O-O O-O 6. c4 Ne4 7. Qc2 {½-½ (38) Standke,W (2513)-Shablinsky,M (2414) ICCF email 2012}) 2. Nf3 g6 3. c4 Bg7 4. g3 O-O 5. Bg2 d6 6. O-O Ne4 $146 {E60: King's Indian: Unusual lines and Fianchetto Variation without Nc3} (6... Nbd7 7. Nc3 e5 8. Qc2 exd4 9. Nxd4 Re8 10. Rd1 a6 11. b3 Rb8 12. Bb2 Ne5 13. c5 d5 14. h3 Nc6 15. Nxc6 bxc6 16. e4 Be6 17. exd5 cxd5 18. Qd2 Qe7 19. Rac1 Rbd8 {0-1 (64) Vachier Lagrave,M (2775)-Mamedyarov,S (2765) Riga 2019}) 7. Qc2 f5 8. Nbd2 Nxd2 {The position is equal.} 9. Bxd2 e5 10. dxe5 dxe5 11. Bb4 {White wants to play Rad1.} Re8 $1 12. Rad1 Qf6 13. Bc3 {Strongly threatening Nxe5.} Qe7 14. e4 f4 15. gxf4 exf4 16. e5 $36 {[%mdl 2048] White has some pressure.} Nc6 17. Rfe1 Be6 18. h4 Rf8 (18... Bxc4 19. e6 $14) (18... Bh6 $11) 19. Ng5 $14 Bg4 $2 (19... f3 $14 20. Bxf3 Bh6 21. Bxc6 bxc6) 20. Bd5+ $18 Kh8 21. f3 Bf5 22. Qb3 $1 {[%cal Rb3b7]} h6 23. Qxb7 {Hoping for Nf7+!} Rab8 24. Qxc6 ({Don't take} 24. Nf7+ $6 Rxf7 25. Qxc6 Qxh4 $14) 24... Rb6 $2 (24... hxg5 25. Bd4 gxh4) 25. Qa4 $2 (25. Qf6 $1 $18 {[%cal Rf6e7] and the rest is easy.} Rbxf6 26. exf6 {[%mdl 64] Discovered Attack} Qc5+ 27. Bd4 Qxd4+ {[%mdl 64] Remove Defender, Decoy} 28. Rxd4 Bxf6 29. Rd2 hxg5 30. hxg5 Bxg5 31. Be4) 25... hxg5 $16 26. Qa3 Qxa3 (26... c5 $16 {keeps fighting.}) 27. bxa3 $18 gxh4 {[#]} 28. Ba5 $1 Ra6 29. Bxc7 {Threatens to win with e6.} Re8 30. Bd6 Bf8 $2 (30... Be6 31. Kh2 Kh7 32. Bxe6 Rxe6) 31. Bxf8 Rxf8 32. e6 Re8 {[%cal Rf5e6]} 33. e7 $2 (33. c5 $18 {is the precise move to win.}) 33... Kg7 $2 {[%mdl 8192]} (33... Rd6 $16 {is more resistant.}) 34. c5 Kf6 35. Bc4 Rxa3 (35... Rc6 $142 36. Bb5 {[%mdl 64] Skewer} Rcc8 37. Bxe8 Rxe8) 36. Rd6+ Kg5 37. Bf7 Rxe7 38. Rxe7 {Threatening mate with Re5!} Rc3 {[#]} 39. Bxg6 (39. Re5 $142 $1 Rc1+ 40. Kf2 Rc2+ 41. Kf1 Rc1+ 42. Ke2 Rc2+ 43. Kd1 Kh6 44. Rxf5) 39... Rc1+ {White is clearly winning.} 40. Kf2 {Be8 would kill now.} Bxg6 41. Re5+ {Played: Re7-g7} 1-0